000
00276nam a2200097Ia 4500
001
1071500
005
20250827002125.0
008
250824s9999 xx 000 0 und d
245
0
_a
ATEBETÜL HAKAYIK
_c
EDİP AHMED BİN MAHMUD-I YÜKNEKİ
260
_b
TÜRK DİL KURUMU YAYINLARI
999
_c
1071500
_d
1071500